| 000 | 01011nam0a2200325 4500 | ||
|---|---|---|---|
| 001 | RU\NLR\bibl\516484 | ||
| 005 | 20260406121302.0 | ||
| 010 |
_a5-699-04675-5 _98000 |
||
| 021 |
_aRU _b2004-360 _921 |
||
| 035 | _aRSL-KNO-002402998 | ||
| 035 | _a(NLR Aleph) 000508918 | ||
| 090 |
_a1220716 _c1220716 |
||
| 100 | _a20040303d2004 |||y0rusy50 ca | ||
| 101 | 0 | _arus | |
| 102 | _aRU | ||
| 105 | _ay ||||||||| | ||
| 106 | _ar | ||
| 200 | 1 |
_aСмерть и немного любви _fАлександра Маринина |
|
| 210 |
_aМ. _cЭксмо _d2004 _eТул. тип. |
||
| 215 |
_a381,[1] с. _d21 |
||
| 686 |
_aШ5(2=Р)75-644.6 _2rubbk |
||
| 686 | _aШ6(2=Р)75-446 | ||
| 700 | 1 |
_4070 _8rus _7ca _aМаринина _bА. Б. _gАлександра Борисовна _f1957- _3RU\NLR\auth\77515 _9110564 |
|
| 801 | 0 |
_aRU _bRuMoRKP _c20040303 _gPSBO |
|
| 801 | 1 |
_aRU _bRuMoRKP _c20040303 |
|
| 801 | 2 |
_aRU _bNLR _c20040430 _gPSBO |
|
| 942 | _cBOOK | ||
| 980 | _aNB | ||